[Event "Acropolis GM Open"]
[Site "Athens GRE"]
[Date "2005.03.11"]
[Round "6"]
[White "Hamdouchi,H"]
[Black "Kotrotsos,V"]
[Result "1-0"]
[WhiteElo "2555"]
[BlackElo "2310"]

1.e4 g6 2.d4 Bg7 3.Nc3 d6 4.Be3 a6 5.Qd2 Nd7 6.O-O-O b5 7.f3 Bb7 8.h4 h6
9.Nge2 Rc8 10.h5 g5 11.d5 c5 12.dxc6 Bxc6 13.Nd5 Ngf6 14.Nxf6+ Bxf6 15.Nd4 Bb7
16.Nf5 Qc7 17.Bd4 Ne5 18.Bc3 Qd7 19.Kb1 Qe6 20.Qe3 Nc4 21.Bxc4 Rxc4 22.Bxf6 Qxf6
23.Qb6 Bc8 24.Ne3 Rc5 25.Rd5 O-O 26.Rxc5 dxc5 27.Qxc5 Be6 28.Rd1 Rc8 29.Qd4 Kg7
30.c3 Rc7 31.Kc2 Qxd4 32.Rxd4 Kf6 33.a4 Ke5 34.g3 Rc5 35.axb5 axb5 36.b4 Rc7
37.Nd5 Ra7 38.f4+ gxf4 39.gxf4+ Kd6 40.f5 Bxd5 41.Rxd5+ Kc6 42.Rc5+ Kb6 43.Rc8 Rc7
44.Rxc7 Kxc7 45.c4  1-0

[Event "Tch-FIN 2004-5"]
[Site "Finland FIN"]
[Date "2005.03.12"]
[Round "8"]
[White "Nouro,M"]
[Black "Natri,A"]
[Result "1-0"]
[WhiteElo "2341"]
[BlackElo "2211"]

1.e4 g6 2.d4 Bg7 3.Nc3 d6 4.g3 Nc6 5.Be3 e5 6.dxe5 Nxe5 7.h3 Ne7 8.f4 N5c6
9.Qd2 O-O 10.Nf3 f5 11.O-O-O fxe4 12.Nxe4 Qe8 13.Bc4+ Kh8 14.Rhe1 d5 15.Bxd5 Nxd5
16.Qxd5 Bf5 17.Bc5 Rd8 18.Nd6 Qd7 19.Nxf5 Qxd5 20.Rxd5 Rxd5 21.Nxg7 Rxc5
22.Ne6 Rcf5 23.Nxf8 Rxf8 24.c3 h6 25.h4 Kg7 26.Kc2 Rd8 27.b4 a6 28.a4 Kf6
29.Ne5 Nxe5 30.Rxe5 c6 31.b5 cxb5 32.axb5 axb5 33.Rxb5 Rd7 34.g4 Rc7 35.Rb6+ Kg7
36.Kb3 Re7 37.c4 Rf7 38.c5 Rc7 39.Kc4 Kf7 40.h5 gxh5 41.Rxh6 Kg7 42.Rxh5 b6
43.Kd4 bxc5+ 44.Rxc5 Re7 45.Re5 Rd7+ 46.Ke4 Ra7 47.Kf5 Rf7+ 48.Kg5 Kh7 49.f5 Kg7
50.Re7 Rxe7 51.f6+ Kf7 52.fxe7 Kxe7 53.Kg6 Kf8 54.Kh7  1-0

[Event "Tch-FIN 2004-5"]
[Site "Finland FIN"]
[Date "2005.03.12"]
[Round "8"]
[White "Leino,J"]
[Black "Porrasmaa,T"]
[Result "1-0"]
[WhiteElo "2191"]
[BlackElo "2219"]

1.e4 g6 2.d4 Bg7 3.Nc3 d6 4.f4 Nf6 5.Nf3 c5 6.dxc5 Qa5 7.Bd3 Qxc5 8.Qe2 Bg4
9.Be3 Qa5 10.O-O O-O 11.Kh1 Nc6 12.Qe1 Bxf3 13.Rxf3 Rac8 14.a3 d5 15.Nxd5 Nxd5
16.Bd2 Qd8 17.exd5 Nd4 18.Rh3 Qxd5 19.Bc3 Ne6 20.Qh4 h5 21.f5 Nc5 22.fxg6 Nxd3
23.Rxd3 Rc4 24.Qxe7 Qc6 25.Rg3 Rg4 26.Bxg7 Kxg7 27.Rxg4 hxg4 28.gxf7 Rxf7
29.Qg5+ Qg6 30.Qxg6+ Kxg6 31.Kg1 Rd7 32.Re1 Rd2 33.Kf1 Rxc2 34.Re2 Rc7 35.Kf2 Kf5
36.Kg3 Rd7 37.Rc2 b6 38.Rc3 Rd6 39.Rb3 Rd7 40.Rb5+  1-0

[Event "Tch-FIN 2004-5"]
[Site "Finland FIN"]
[Date "2005.03.13"]
[Round "9"]
[White "Karttunen,M"]
[Black "Hartikainen,M"]
[Result "1-0"]
[WhiteElo "2414"]
[BlackElo "2272"]

1.d4 g6 2.e4 Bg7 3.Nc3 d6 4.Be3 a6 5.Qd2 b5 6.Bd3 Bb7 7.a4 c6 8.axb5 axb5
9.Rxa8 Bxa8 10.b4 Nf6 11.f3 O-O 12.Nge2 e5 13.dxe5 dxe5 14.Nc1 Na6 15.N3a2 Nh5
16.c4 Nf4 17.cxb5 cxb5 18.Bxb5 Qxd2+ 19.Kxd2 Rd8+ 20.Nd3 Nc7 21.Bb6 Bh6 22.Bxc7 Nd5+
23.Kc2 Nxc7 24.Bc4 Kf8 25.Rd1 Bc6 26.Nc3 f6 27.b5 Rd4 28.Kb3  1-0

[Event "TCh-SWE Elitserien 2004-5"]
[Site "Malmo SWE"]
[Date "2005.03.13"]
[Round "11"]
[White "Berg,E"]
[Black "Hillarp Persson,T"]
[Result "1-0"]
[WhiteElo "2534"]
[BlackElo "2545"]

1.e4 g6 2.d4 Bg7 3.Nc3 d6 4.Be3 a6 5.h4 Nf6 6.f3 b5 7.Qd2 h5 8.O-O-O c6 9.Nh3 Bxh3
10.Rxh3 Nbd7 11.Kb1 Qc7 12.Rh1 Rc8 13.g3 b4 14.Ne2 a5 15.Bh3 Rb8 16.Nf4 e5
17.dxe5 Nxe5 18.Qxd6 Qxd6 19.Rxd6 Nxf3 20.Rxc6 Ne5 21.Rxf6 Bxf6 22.Nd5 Bg7
23.Bc5 Ng4 24.Bd6 Rb7 25.Bxg4 hxg4 26.Ne3 Kd7 27.Bf4 Re8 28.Rd1+ Kc6 29.Rd6+ Kb5
30.Rd5+ Ka6 31.Nc4 Rbe7 32.Rxa5+ Kb7 33.Nd6+ Kb6 34.Nxe8 Kxa5 35.Nxg7 Rxe4
36.Bc7+ Kb5 37.Kc1 Kc6 38.Bb8 f6 39.h5 Re7 40.h6 Kd7 41.Kd2 Rf7 42.Ba7 Rf8
43.Bd4 Rh8 44.Bxf6 Rxh6 45.Ke3 Rh2 46.c4 Rc2 47.Kd3 Rf2 48.Be5 Rf1 49.Kd4 Rd1+
50.Kc5 Re1 51.Bd4 Rd1 52.Kd5 Rd3 53.c5 Rxg3 54.c6+ Kc8 55.Ne8 Rd3 56.Nd6+ Kb8
57.Kc5  1-0

[Event "Acropolis Women's GM Open"]
[Site "Athens GRE"]
[Date "2005.03.14"]
[Round "9"]
[White "Milliet,S"]
[Black "Kiseleva,N"]
[Result "0-1"]
[WhiteElo "2309"]
[BlackElo "2286"]

1.e4 g6 2.d4 Bg7 3.Nc3 d6 4.Be3 a6 5.Qd2 b5 6.O-O-O Bb7 7.f3 Nd7 8.h4 h5
9.Nh3 e6 10.Ng5 Ne7 11.Ne2 Nb6 12.Nf4 Qd7 13.d5 exd5 14.Bd4 Be5 15.Bxb6 cxb6
16.Nxd5 Nxd5 17.exd5 O-O-O 18.f4 Bg7 19.g3 Kb8 20.Bh3 Qc7 21.f5 gxf5 22.Kb1 Rde8
23.Qf2 Re5 24.Bg2 Rhe8 25.Bf3 Rh8 26.Rd3 Re7 27.Bg2 Bc8 28.Bh3 Rhe8 29.Rd2 Qc5
30.Rhd1 Kc7 31.Qf3 Kb8 32.c3 Re3 33.Qxh5 R8e7 34.Nxf7 Rxc3 35.bxc3 Qxc3  0-1

[Event "TCh-BEL 2004-5"]
[Site "Belgium BEL"]
[Date "2005.03.20"]
[Round "11"]
[White "Gulbas,C"]
[Black "Deleyn,G"]
[Result "1/2-1/2"]
[WhiteElo "2417"]
[BlackElo "2285"]

1.e4 g6 2.d4 Bg7 3.Nc3 d6 4.Be3 a6 5.f3 b5 6.Qd2 Nd7 7.h4 h5 8.Nh3 Bb7 9.Ng5 Ngf6
10.a4 c6 11.Be2 O-O 12.g4 b4 13.Nd1 c5 14.gxh5 Nxh5 15.Rg1 cxd4 16.Bxd4 Bxd4
17.Qxd4 Qb6 18.Qxb6 Nxb6 19.a5 Nd7 20.Ra4 b3 21.cxb3 Nc5 22.Ra3 Nf4 23.b4 Nd7
24.Bf1 Rfc8 25.Nh3 Nh5 26.Rc3 Ne5 27.Be2 Kf8 28.Ne3 e6 29.Kf2 d5 30.exd5 exd5
31.Rd1 Nf6 32.Nf4 Rd8 33.Rc5 Rd6 34.Nfxd5 Nxd5 35.Nxd5 Rad8 36.Ne3 Rxd1 37.Nxd1 Nd3+
38.Bxd3 Rxd3 39.Ne3 Rb3 40.Rc4 Rxb2+ 41.Kg3 Rb3 42.Kf2 Rb2+ 43.Kg3 Rb3 44.Kf2 Rb2+  1/2-1/2

[Event "ch-Privolzhsky Region"]
[Site "Ishevsk RUS"]
[Date "2005.03.24"]
[Round "9"]
[White "Bronnikov,K1"]
[Black "Verdnikov,V"]
[Result "1/2-1/2"]
[WhiteElo "2142"]
[BlackElo "2220"]

1.e4 d6 2.d4 g6 3.Nc3 Bg7 4.Be3 c6 5.Qd2 b5 6.Nge2 a6 7.f3 Nd7 8.Nc1 Nb6
9.h4 h5 10.a4 b4 11.Nd1 a5 12.Nb3 Ba6 13.Bxa6 Rxa6 14.c3 Nc4 15.Qd3 d5 16.cxb4 axb4
17.Nc5 Ra7 18.Bc1 Nf6 19.e5 Nd7 20.Nxd7 Qxd7 21.b3 Na5 22.f4 Qg4 23.g3 f6
24.Nf2 Qf5 25.Rb1 fxe5 26.Qxf5 gxf5 27.dxe5 c5 28.Nd3 Rc7 29.Bd2 e6 30.Nxc5 Rxc5
31.Bxb4 Rc2 32.Bxa5 Kd7 33.Bd2 Rhc8 34.Ke2 Bf8 35.Rhc1 Bb4 36.Rxc2 Rxc2 37.Rd1 Rb2
38.Kd3 Bxd2 39.Rxd2 Rxb3+ 40.Kd4 Rb4+ 41.Kc5 Rxa4 42.Rd3 Kc7 43.Kb5 Rc4 44.Ra3 Kb7
45.Rb3 Rc1 46.Ra3 Rc6 47.Rd3 Rb6+ 48.Kc5 Kc7 49.Ra3 Rc6+ 50.Kb5 Kb7 51.Rd3 Rc2
52.Ra3 Rc1 53.Rb3 Ra1 54.Kc5+ Kc7 55.Kb5 Ra2 56.Rc3+ Kb7 57.Kc5 Ra6 58.Rd3 Rb6
59.Ra3 Rc6+ 60.Kb5 Rc4 61.Rd3 Re4 62.Kc5 Rc4+ 63.Kb5 Kc7 64.Ra3 Kb7 65.Rd3  1/2-1/2

[Event "Norwegian Open"]
[Site "Oslo NOR"]
[Date "2005.03.25"]
[Round "7"]
[White "Trygstad,K"]
[Black "Hagesaether,E"]
[Result "1/2-1/2"]
[WhiteElo "2307"]
[BlackElo "2177"]

1.e4 g6 2.d4 Bg7 3.Nc3 d6 4.Be3 a6 5.h3 Nf6 6.f4 b5 7.e5 Nfd7 8.Qf3 Nb6 9.Bd3 c6
10.Nge2 Qc7 11.O-O O-O 12.Ng3 Nc4 13.Bxc4 bxc4 14.exd6 Qxd6 15.f5 Nd7 16.Nge4 Qb4
17.a3 Qa5 18.fxg6 hxg6 19.Rad1 Rb8 20.Bg5 f5 21.Ng3 Nf6 22.Qxc6 Rxb2 23.Qxc4+ e6
24.Na4 Rb5 25.Bd2 Qd8 26.Bb4 Re8 27.Nc3 Rb8 28.Rfe1 a5 29.Bc5 Qc7 30.Qd3 Qc6
31.Qf3 Qxf3 32.gxf3 Rb2 33.Re2 Bb7 34.Rf2 Nd7 35.Na4 Ra2 36.Nc3 Rb2 37.Na4 Ra2
38.Nc3 Rb2  1/2-1/2

[Event "Spring Open"]
[Site "Belgrade SCG"]
[Date "2005.03.26"]
[Round "2"]
[White "Paulic,B"]
[Black "Pantovic,D"]
[Result "1/2-1/2"]
[WhiteElo "2233"]
[BlackElo "2131"]

1.e4 g6 2.d4 Bg7 3.Nc3 d6 4.Be2 Nf6 5.Be3 a6 6.f4 O-O 7.e5 Nfd7 8.Ne4 Nb6
9.Nf3 dxe5 10.dxe5 Nd5 11.Qd2 Nxe3 12.Qxe3 b6 13.Bc4 e6 14.h4 Qe7 15.O-O-O b5
16.Bd3 Nd7 17.h5 f5 18.hxg6 h6 19.Nf2 Nc5 20.Be2 Bb7 21.g4 Ne4 22.gxf5 Nxf2
23.Qxf2 Rxf5 24.Nd4 Rff8 25.Rh5 c5 26.Nb3 Be4 27.Qg3 Rad8 28.Nd2 Bf5 29.Bd3 Bxd3
30.cxd3 c4 31.dxc4 bxc4 32.Ne4 Rxd1+ 33.Kxd1 Qb7 34.Qg2 Qd5+ 35.Kc1 Rxf4
36.Nf6+ Bxf6 37.Qxd5 exd5 38.exf6 Rxf6 39.Rxd5 Rc6 40.Rd7 Rxg6 41.Rc7  1/2-1/2

[Event "Spring Festival"]
[Site "Budapest HUN"]
[Date "2005.03.26"]
[Round "9"]
[White "Plenca,J"]
[Black "Kende,G"]
[Result "0-1"]
[WhiteElo "2109"]
[BlackElo "2206"]

1.e4 g6 2.d4 Bg7 3.Nc3 d6 4.g3 Nf6 5.Bg2 O-O 6.h3 Nc6 7.Nge2 e5 8.Be3 exd4
9.Nxd4 Bd7 10.O-O Re8 11.Qd2 Ne5 12.Qe2 c5 13.Nb3 Be6 14.Rfd1 Qe7 15.f4 Nc4
16.Bf2 Nxb2 17.Rdb1 Nxe4 18.Nxe4 Bf5 19.Re1 d5 20.Bxc5 Qd7 21.c3 Na4 22.Rad1 Bxe4
23.Bxe4 Nxc3 24.Qd3 Nxd1 25.Rxd1 Qxh3 26.Bxd5 Rad8 27.Bf2 h5 28.Qf3 b6 29.Rc1 Qf5
30.Bc4 Rc8 31.Qd5 Qxd5 32.Bxd5 Rxc1+ 33.Nxc1 Rd8 34.Bb3 Bd4 35.Nd3 Bxf2+
36.Nxf2 Kg7 37.Kg2 b5 38.Kf3 a5 39.Ke4 Rd2 40.Nd3 f6 41.Ke3 Rg2 42.Kf3 Rg1
43.Nc5 g5 44.Ne6+ Kh6 45.Nd4 gxf4 46.Kxf4 Rf1+ 47.Ke4 Kg5 48.Be6 Re1+ 49.Kd5 Re3
50.Kc5 Rxg3 51.Kxb5 h4 52.Kxa5 h3 53.Kb5 h2 54.Bd5 Rh3 55.Bh1 Ra3 56.Nf3+ Kf4
57.Nxh2 Rxa2 58.Nf1 Rf2  0-1

[Event "43rd Doeberl Cup"]
[Site "Canberra AUS"]
[Date "2005.03.26"]
[Round "3"]
[White "Smerdon,D"]
[Black "Reilly,T"]
[Result "1/2-1/2"]
[WhiteElo "2429"]
[BlackElo "2302"]

1.e4 d6 2.d4 g6 3.Nc3 Bg7 4.Be3 a6 5.h4 h5 6.Nh3 b5 7.Ng5 Bb7 8.a4 b4 9.Bc4 e6
10.Ne2 d5 11.Bd3 Nh6 12.Nf4 dxe4 13.Nxe4 Nd7 14.Qd2 Rb8 15.O-O-O Nf5 16.Ng5 Qf6
17.Bxf5 Qxf5 18.f3 O-O 19.Qd3 Qxd3 20.Rxd3 Rfc8 21.Rhd1 e5 22.Ne2 c5 23.dxc5 Nxc5
24.Bxc5 Rxc5 25.Rd8+ Rxd8 26.Rxd8+ Bf8 27.Nxf7 e4 28.Ng5 exf3 29.gxf3 Rc8
30.Rd3 Bc6 31.b3 Be7 32.Nf4 Kg7 33.Re3 Bf6 34.Re6 a5 35.Ne4 Bxe4 36.fxe4 Rc5
37.Nd3 Rc7 38.Nf4 Re7 39.Rxf6 Kxf6 40.Nd5+ Kf7 41.Nxe7 Kxe7 42.Kd1 Kf6 43.c3 bxc3
44.b4 g5 45.hxg5+ Kxg5 46.bxa5 h4 47.a6 h3 48.a7 h2 49.a8=Q h1=Q+ 50.Kc2 Qa1
51.Kd3 Qb2 52.Qa5+ Kf4 53.Qf5+ Kg3 54.Qe5+ Kf3 55.Qf6+ Kg4 56.Qg7+ Kf3 57.Qxc3 Qe2+  1/2-1/2

[Event "ch-EU"]
[Site "Cork IRL"]
[Date "2005.03.26"]
[Round "5"]
[White "Berzinsh,R"]
[Black "Cicak,S"]
[Result "1/2-1/2"]
[WhiteElo "2454"]
[BlackElo "2552"]

1.e4 g6 2.d4 Bg7 3.Nc3 d6 4.Nf3 Nf6 5.Be2 O-O 6.O-O a6 7.Re1 e6 8.Bf4 Nc6
9.h3 b5 10.e5 dxe5 11.dxe5 Nd7 12.Bf1 Bb7 13.Qc1  1/2-1/2

[Event "Alpress Cup"]
[Site "Frydek Mistek CZE"]
[Date "2005.03.26"]
[Round "5"]
[White "Jurcik,Mart"]
[Black "Benda,R"]
[Result "0-1"]
[WhiteElo "2175"]
[BlackElo "2024"]

1.e4 g6 2.d4 Bg7 3.Nc3 d6 4.Be3 Nd7 5.Qd2 c6 6.f4 e6 7.O-O-O Ne7 8.Nf3 h6
9.Bd3 Nf6 10.h3 b5 11.g4 b4 12.Ne2 a5 13.Ng3 Qc7 14.g5 hxg5 15.Nxg5 Qb8 16.Rdf1 a4
17.Kb1 b3 18.cxb3 axb3 19.a3 d5 20.e5 Nd7 21.h4 Nf5 22.Nxf5 gxf5 23.Qg2 Bf8
24.h5 Rh6 25.Rfg1 Ba6 26.Bxa6 Rxa6 27.Nxf7 Kxf7 28.Qg8+ Ke7 29.Bf2 Kd8 30.Rg7 Kc7
31.Rxd7+ Kxd7 32.Bh4 Qc8 33.Rg1 Rxh5 34.Bf6 Ra8 35.Kc1 Rh2 36.Bg7 Rxa3 37.Kb1  0-1

[Event "Dos Hermanas Internet KO"]
[Site "ICC INT"]
[Date "2005.03.26"]
[Round "1.1"]
[White "Mista,A"]
[Black "Petrosian,TL"]
[Result "0-1"]
[WhiteElo "2495"]
[BlackElo "2568"]

1.e4 d6 2.d4 g6 3.Nc3 Bg7 4.f4 Nf6 5.Nf3 O-O 6.Be3 b6 7.Qe2 Bb7 8.e5 Nd5
9.Nxd5 Bxd5 10.c4 Bb7 11.O-O-O e6 12.h4 h5 13.Ng5 Nd7 14.Rh3 c5 15.dxc5 dxe5
16.g4 exf4 17.Bxf4 hxg4 18.Rhd3 Qf6 19.Rxd7 Qxf4+ 20.Kb1 Bf3 21.Nxf3 gxf3
22.Qd2 Qxd2 23.R1xd2 bxc5 24.R7d3 Bd4 25.Rxf3 f5 26.Rg3 Kf7 27.Rdg2 Rh8 28.Rh3 Rag8
29.Be2 g5 30.h5 g4 31.Rh1 Rg5 32.Rf1 Ke7 33.Rg3 Rgxh5 34.Ra3 Rh1 35.Rxa7+ Kf6
36.Kc2 Rxf1 37.Bxf1 Rh1 38.Bd3 g3 39.Ra8 g2  0-1

[Event "Dos Hermanas Internet KO"]
[Site "ICC INT"]
[Date "2005.03.26"]
[Round "1.3"]
[White "Mista,A"]
[Black "Petrosian,TL"]
[Result "1/2-1/2"]
[WhiteElo "2495"]
[BlackElo "2568"]

1.e4 d6 2.d4 g6 3.Nc3 Bg7 4.f4 Nf6 5.Nf3 O-O 6.Be3 b6 7.Qe2 Bb7 8.e5 Nd5
9.Nxd5 Bxd5 10.c4 Bb7 11.O-O-O e6 12.h4 h5 13.Ng5 Nd7 14.Rh3 c5 15.g4 cxd4
16.Bxd4 dxe5 17.Bxe5 hxg4 18.Rhd3 Bc6 19.Bg2 Bxe5 20.fxe5 Qc7 21.Bxc6 Nxe5
22.Bxa8 Qxc4+ 23.Kb1 Nxd3 24.Rxd3 g3 25.Bf3 Qxh4 26.Nxe6 fxe6 27.Qxe6+ Kg7
28.Qe5+ Kh6 29.a3 Qg5 30.Qd6 Qf5 31.Ka2 Rf6 32.Qd5 Qxd5+ 33.Bxd5 Rd6 34.Kb3 g2
35.Rh3+ Kg5 36.Bxg2 Kf4 37.Rh7 a5 38.Bb7 b5 39.Rf7+ Ke5 40.a4 Rb6 41.axb5 Rxb5+
42.Ka3 g5 43.b3 g4 44.Ka4 Rb4+ 45.Ka3 g3 46.Rg7 Kf6 47.Rxg3 Rxb7 48.Ka4 Ra7
49.Re3 Kf5 50.Kb5 Ra8 51.Re7 Rb8+ 52.Ka4 Rb4+ 53.Ka3 Rb5 54.Re3 Kf4 55.Rc3 Ke4
56.Ka4 Rh5 57.Rc6 Kd4 58.Ra6 Kc3 59.Ka3 Rc5 60.Ra8 Kc2 61.Rh8 Kc3 62.Rh3+ Kc2
63.Ka4 Kb2 64.Rh2+ Rc2 65.Rh5 Rc3 66.Rb5 Ka2 67.Rb8 Rd3 68.Rb5 Rc3 69.Rh5 Rxb3
70.Rh2+ Rb2 71.Rxb2+ Kxb2 72.Kxa5  1/2-1/2

[Event "Spring Open"]
[Site "Belgrade SCG"]
[Date "2005.03.28"]
[Round "4"]
[White "Stancic,L"]
[Black "Pantovic,D"]
[Result "1-0"]
[WhiteElo "1923"]
[BlackElo "2131"]

1.e4 g6 2.d4 Bg7 3.Nc3 d6 4.f4 Nc6 5.Nf3 Bg4 6.Bb5 a6 7.Bxc6+ bxc6 8.O-O e6
9.Be3 Qb8 10.Qd2 Bxf3 11.Rxf3 Ne7 12.Re1 d5 13.f5 exf5 14.exf5 Nxf5 15.Rxf5 O-O
16.Rf3 Qxb2 17.Rh3 Rae8 18.Rb1  1-0

[Event "Caissa IM March"]
[Site "Kecskemet HUN"]
[Date "2005.03.28"]
[Round "9"]
[White "Brustkern,J"]
[Black "Zakharchenko,A"]
[Result "1/2-1/2"]
[WhiteElo "2251"]
[BlackElo "2292"]

1.e4 g6 2.d4 d6 3.Nc3 Bg7 4.f4 c6 5.Nf3 Bg4 6.Be3 Qb6 7.Qd2 Bxf3 8.gxf3 Nd7
9.O-O-O O-O-O 10.Na4 Qc7 11.c4 Ngf6 12.Kb1 c5 13.Be2 Nh5 14.f5 cxd4 15.Bxd4 Nc5
16.Nc3 Bxd4 17.Qxd4 e5 18.fxe6 fxe6 19.Nb5 Qb6 20.Nxd6+ Kb8 21.Qe5 Nd7 22.Qb5 Qxb5
23.Nxb5 Nf4 24.Nc3  1/2-1/2

[Event "ch-FRA Top 16 GpA"]
[Site "Noyon FRA"]
[Date "2005.03.31"]
[Round "4"]
[White "Oudot,J"]
[Black "Sarthou,G"]
[Result "0-1"]
[WhiteElo "2142"]
[BlackElo "2398"]

1.e4 g6 2.d4 Bg7 3.Nc3 d6 4.Bc4 a6 5.a4 b6 6.Be3 Bb7 7.Qd2 Nd7 8.Nge2 c5
9.O-O Ngf6 10.f3 cxd4 11.Bxd4 O-O 12.Nd5 Rc8 13.Bb3 Nxd5 14.Bxg7 Kxg7 15.Bxd5 Bxd5
16.exd5 Nf6 17.c3 Rc5 18.Nf4 h5 19.Rfe1 Re8 20.Re2 Qd7 21.Rae1 Rc7 22.b3 b5
23.a5 Qf5 24.Qd4 Kg8 25.c4 bxc4 26.bxc4 Rec8 27.Rc1 g5 28.Nd3 Nxd5 29.cxd5 Rxc1+
30.Nxc1 Rxc1+ 31.Kf2 Rc2 32.Rd2 Qe5 33.Qd3 Rc3 34.Qe2 Qxe2+ 35.Rxe2 Kf8 36.Rb2 Ra3
37.Rb8+ Kg7  0-1

[Event "ch-FRA Top 16 GpA"]
[Site "Noyon FRA"]
[Date "2005.04.01"]
[Round "5"]
[White "Milliet,S"]
[Black "Rocha,S"]
[Result "0-1"]
[WhiteElo "2309"]
[BlackElo "2400"]

1.e4 d6 2.d4 g6 3.Nc3 Bg7 4.Be3 Nd7 5.Qd2 a6 6.O-O-O b5 7.f4 Ngf6 8.e5 b4
9.Nce2 Nd5 10.Nf3 c6 11.c4 bxc3 12.Nxc3 N7b6 13.Rg1 Rb8 14.Nxd5 cxd5 15.b3 a5
16.Qxa5 Bd7 17.Kb1 O-O 18.Bd3 Ra8 19.Qd2 Ra3 20.g4 Qa8 21.Rc1 Rb8 22.Rg3 Nc4
23.Bxc4 dxc4 24.Rxc4 Be6 25.Rc3 Bxb3 26.axb3 Rbxb3+ 27.Rxb3 Rxb3+ 28.Kc2 Qa4
29.Qc3 Qa2+ 30.Kd3 Qb1+ 31.Kd2 Rxc3 32.Kxc3 d5 33.Kd2 Qb2+ 34.Kd3 e6 35.Rg1 Bf8
36.Bd2 Qb5+ 37.Ke3 Ba3 38.Rd1 Qb3+ 39.Ke2 Qc2 40.Ke1 Bb2 41.Ke2 h6 42.g5 h5
43.h4 Kf8 44.Re1 Ke8 45.Rd1 Kd7 46.Re1 Kc6 47.Kf2 Kb5 48.Re2 Ka4 49.Be3 Qd1
50.Re1 Qd3 51.Re2 Bc3 52.Kf1 Kb3 53.Kf2 Qe4 54.Kg3 Kc4 55.Kf2 Qb1 56.Kg2 Kd3
57.Kf2 Qh1 58.Bd2 Bxd4+ 59.Be3 Bc3 60.Bc5 d4 61.Ra2 Ke4 62.Re2+ Kxf4 63.Nxd4 Qxh4+
64.Kf1 Qh1+ 65.Kf2 Bxd4+ 66.Bxd4 Kg4  0-1

[Event "Spring Open"]
[Site "Belgrade SCG"]
[Date "2005.04.02"]
[Round "9"]
[White "Nestorovic,DN"]
[Black "Pucarevic,M"]
[Result "1-0"]
[WhiteElo "2328"]
[BlackElo "2289"]

1.e4 d6 2.d4 g6 3.Nc3 Bg7 4.Bg5 a6 5.f4 b5 6.a3 Bb7 7.Nf3 Nd7 8.e5 Nb6 9.Bd3 Qd7
10.O-O Nh6 11.Qe2 O-O 12.Rad1 Nd5 13.Nh4 Nxc3 14.bxc3 f5 15.e6 Qe8 16.h3 Kh8
17.g4 Qc6 18.Kh2 Rae8 19.gxf5 Nxf5 20.Bxf5 Rxf5 21.Nxf5 gxf5 22.Rd3 Qd5 23.Rg3 Bc6
24.Rfg1 a5 25.Re1 Qa2 26.Qh5 Qxc2+ 27.Re2 Qd1 28.Rg1 Qb3 29.Bh6 Bxh6 30.Qxh6 Rg8
31.Rxg8+ Kxg8 32.Qg5+ Kf8 33.Qxf5+ Ke8 34.Rg2  1-0

[Event "It D"]
[Site "Dos Hermanas ESP"]
[Date "2005.04.03"]
[Round "3"]
[White "Romero Garcia,Mar"]
[Black "Diaz Castro,S"]
[Result "1-0"]
[WhiteElo "2171"]
[BlackElo "2252"]

1.e4 g6 2.d4 Bg7 3.Nc3 d6 4.f4 c6 5.Nf3 Bg4 6.Be3 Qb6 7.Qd2 Bxf3 8.gxf3 Nf6
9.O-O-O d5 10.Bh3 e6 11.f5 exf5 12.exf5 Nbd7 13.Bg5 O-O-O 14.Kb1 h6 15.Bxf6 Bxf6
16.fxg6 fxg6 17.Na4 Qc7 18.Nc5 Kb8 19.Nxd7+ Rxd7 20.Bxd7  1-0

[Event "It B"]
[Site "Dos Hermanas ESP"]
[Date "2005.04.03"]
[Round "3"]
[White "Teran Alvarez,I"]
[Black "Franco Ocampos,Z"]
[Result "1/2-1/2"]
[WhiteElo "2430"]
[BlackElo "2519"]

1.e4 g6 2.d4 Bg7 3.Nc3 d6 4.Be3 a6 5.f4 b5 6.Be2 b4 7.Nb1 Bb7 8.Bf3 Nf6 9.Qd3 Nbd7
10.Ne2 O-O 11.Nd2 c5 12.c3  1/2-1/2

[Event "1st ch-SCG"]
[Site "Kopaonik SCG"]
[Date "2005.04.03"]
[Round "2"]
[White "Perunovic,Mil"]
[Black "Pikula,D"]
[Result "1-0"]
[WhiteElo "2549"]
[BlackElo "2485"]

1.e4 d6 2.d4 g6 3.Nc3 Bg7 4.Be3 a6 5.Qd2 b5 6.f4 Nf6 7.e5 Ng4 8.Be2 h5 9.Nf3 d5
10.h3 Nh6 11.Bf2 Bf5 12.Nh4 Be6 13.a4 b4 14.Nd1 a5 15.Ne3 Qd7 16.Bb5 c6 17.Bd3 Na6
18.O-O Nf5 19.Nhxf5 Bxf5 20.Nxf5 gxf5 21.c3 e6 22.Bxa6 Rxa6 23.cxb4 axb4
24.Qxb4 Bf8 25.Qb3 Qa7 26.Rfc1 Kd7 27.Qc3 Qb7 28.Bh4 Qb4 29.Qd3 Rxa4 30.Qc2  1-0

[Event "ch-FRA Top 16 GpA"]
[Site "Noyon FRA"]
[Date "2005.04.03"]
[Round "7"]
[White "Netzer,J"]
[Black "Sarthou,G"]
[Result "1-0"]
[WhiteElo "2384"]
[BlackElo "2398"]

1.e4 g6 2.d4 Bg7 3.Nc3 d6 4.f4 Nf6 5.Nf3 O-O 6.Bd3 Na6 7.a3 c5 8.d5 e6 9.O-O exd5
10.exd5 Nc7 11.Bc4 Rb8 12.a4 b6 13.Rb1 Re8 14.b4 Ng4 15.Nb5 Nxb5 16.Bxb5 Re4
17.h3 Ne3 18.Bxe3 Rxe3 19.Qd2 Re7 20.bxc5 bxc5 21.Rbe1 Rxe1 22.Rxe1 Bd7 23.Qd3 h6
24.Kh2 Kh7 25.Re3 Bf5 26.Qe2 Qf6 27.g3 Rb7 28.Nh4 Bd7 29.Qd3 Rc7 30.Bxd7 Rxd7
31.f5 g5 32.Ng2 Rb7 33.Re2 Rb4 34.a5 Ra4 35.a6 c4 36.Qe4 Qe5 37.Qf3 Qf6 38.Ne3 Ra3
39.Qe4 Qe5 40.Qxe5 Bxe5 41.Nxc4 Bxg3+ 42.Kg2 Rc3 43.Re7 Bf4 44.Rxf7+ Kg8
45.Rc7 h5 46.f6 g4 47.hxg4 hxg4 48.Rc8+ Kh7 49.f7 Rxc2+ 50.Kf1 Rc1+ 51.Ke2 Bh6
52.Nxd6 Ra1 53.Nf5 Ra2+ 54.Kf1 Ra1+ 55.Kg2 Ra2+ 56.Kg3 Ra3+ 57.Kxg4 Ra4+
58.Kg3  1-0

[Event "3rd ch-GER Internet Blitz KO"]
[Site "playchess INT"]
[Date "2005.04.03"]
[Round "1.3"]
[White "Naumann,A"]
[Black "Berelovich,A"]
[Result "1-0"]
[WhiteElo "2538"]
[BlackElo "2542"]

1.e4 g6 2.d4 Bg7 3.Nc3 d6 4.Be3 c6 5.h3 b5 6.Bd3 Nd7 7.Nf3 Qc7 8.O-O Ngf6
9.a4 b4 10.Ne2 O-O 11.Ng3 c5 12.c3 c4 13.Bb1 b3 14.d5 Ne5 15.Nd4 Ba6 16.f4 Nd3
17.Bxd3 cxd3 18.Nxb3 Rab8 19.Rf2 h5 20.Bd4 h4 21.Nf1 Nxe4 22.Rf3 Bxd4+ 23.Nxd4 Rxb2
24.Nc6 Nxc3 25.Qe1 Ne2+ 26.Kh1 e6 27.Qxh4 exd5 28.Ne7+ Kg7 29.f5  1-0

[Event "3rd ch-GER Internet Blitz KO"]
[Site "playchess INT"]
[Date "2005.04.03"]
[Round "1.1"]
[White "Naumann,A"]
[Black "Berelovich,A"]
[Result "1-0"]
[WhiteElo "2538"]
[BlackElo "2542"]

1.e4 g6 2.d4 Bg7 3.Nc3 d6 4.Be3 c6 5.Qd2 b5 6.f3 Nd7 7.h4 h6 8.O-O-O Ngf6
9.g4 Qa5 10.Kb1 Nb6 11.Bd3 Be6 12.d5 cxd5 13.Bxb5+ Kf8 14.Nge2 dxe4 15.g5 Nfd5
16.fxe4 Nxe3 17.Qxe3 Rb8 18.Nd4 Nc4 19.Nxe6+ fxe6 20.Bxc4 Qxc3 21.Qxc3 Bxc3
22.Bb3 hxg5 23.bxc3 gxh4 24.Rdg1 Kg7 25.Rg4 Kf6 26.Rgxh4 Rxh4 27.Rxh4 g5
28.Rh6+ Ke5 29.Rxe6+ Kf4 30.Rxe7 g4 31.Rf7+ Ke3 32.Rg7 Kf3 33.Kc1 g3 34.Bd5 Rb5
35.c4 Rb6 36.e5+ Kf2 37.e6 Rb8 38.e7  1-0

[Event "3rd ch-GER Internet Blitz GpA"]
[Site "playchess INT"]
[Date "2005.04.03"]
[Round "3.2"]
[White "Movsesian,S"]
[Black "Umansky,M"]
[Result "1-0"]
[WhiteElo "2624"]
[BlackElo "2477"]

1.e4 g6 2.d4 Bg7 3.Nc3 d6 4.h3 a6 5.a4 Nf6 6.Be3 O-O 7.g4 c5 8.Nge2 cxd4
9.Nxd4 Nc6 10.Bg2 Bd7 11.O-O Rc8 12.Qe2 Nxd4 13.Bxd4 Bc6 14.Rad1 Qa5 15.Nd5 Bxd5
16.exd5 Qxa4 17.Qxe7 Nxd5 18.Bxd5 Bxd4 19.Qe4 Qxc2 20.Qxd4 b5 21.Rfe1 Rc7
22.Rd2 Qc5 23.Qf4 a5 24.h4 Qb4 25.Qxb4 axb4 26.Re4  1-0

[Event "3rd ch-GER Internet Blitz GpA"]
[Site "playchess INT"]
[Date "2005.04.03"]
[Round "3.4"]
[White "Movsesian,S"]
[Black "Umansky,M"]
[Result "1/2-1/2"]
[WhiteElo "2624"]
[BlackElo "2477"]

1.e4 g6 2.d4 Bg7 3.Nc3 d6 4.h3 a6 5.a4 Nf6 6.Be3 O-O 7.Qd2 Nbd7 8.g4 e5 9.Nge2 exd4
10.Nxd4 Re8 11.Bg2 Nc5 12.f3 d5 13.g5 dxe4 14.gxf6 exf3 15.Nxf3 Qxf6 16.Nd5 Qxb2
17.O-O Ne6 18.Rae1 Bd7 19.Ng5 Nxg5 20.Bxg5 Qd4+ 21.Qxd4 Bxd4+ 22.Kh1 Bxa4
23.Rd1 Be5 24.Nf6+ Bxf6 25.Bxf6 Bxc2 26.Rd7 Be4 27.Rxc7 Bxg2+ 28.Kxg2 b5
29.Rd1 Rac8 30.Ra7 Rc6 31.Re7 Re6 32.Rxe6 fxe6 33.Rd7 h5 34.Kf3 Rf8 35.Rg7+ Kh8
36.Rf7+ Kg8 37.Rg7+ Kh8 38.Rf7+ Kg8 39.Rg7+  1/2-1/2

[Event "ch-RUS u18"]
[Site "Nojabrsk RUS"]
[Date "2005.04.06"]
[Round "1"]
[White "Pogromsky,M"]
[Black "Chadaev,N"]
[Result "1/2-1/2"]
[WhiteElo "2291"]
[BlackElo "2434"]

1.d4 g6 2.e4 Bg7 3.Nc3 d6 4.Nf3 Nf6 5.Be2 O-O 6.O-O Nc6 7.d5 Nb8 8.Be3 Bg4
9.Qd2 c6 10.Rfe1 Nbd7 11.dxc6 bxc6 12.Nd4 Nb8 13.Bf1 Bc8 14.h3 Bb7 15.Bh6 Nbd7
16.Rad1 Qc7 17.Qg5 Bxh6 18.Qxh6 e5 19.Nf3 Nc5 20.Ng5 Ne6 21.Bc4 Nxg5 22.Qxg5 Kg7
23.Rd3 Rad8 24.Red1 Rd7 25.f4 h6 26.Qh4 d5 27.fxe5 Qxe5 28.exd5 cxd5 29.Bb3 Rfd8
30.Qd4 Qxd4+ 31.Rxd4 Bc6 32.Rf1 Ne8 33.Ne2 Bb5 34.Rf2 Nc7 35.Nf4 Bc6 36.c4 dxc4
37.Rxd7 Rxd7 38.Bxc4 Be4 39.Kh2 f5 40.b3 Kf6 41.Rb2 Rd6 42.Ne2 g5 43.b4 f4
44.b5 Na8 45.a4 Nb6 46.Bb3 Nd7  1/2-1/2

[Event "7th UI&UL GM"]
[Site "Dhaka BAN"]
[Date "2005.04.07"]
[Round "3"]
[White "Akshayraj,K"]
[Black "Vinoth,K"]
[Result "1-0"]
[WhiteElo "2388"]
[BlackElo "2238"]

1.e4 d6 2.d4 g6 3.Nc3 Bg7 4.g3 Nd7 5.Bg2 e5 6.Nge2 Nh6 7.h3 O-O 8.Be3 f5
9.Qd2 Nf7 10.exf5 gxf5 11.f4 e4 12.d5 c5 13.g4 Nb6 14.b3 Re8 15.g5 Nd7 16.Rd1 a6
17.h4 b5 18.Ng3 Nb6 19.O-O Bd7 20.Bh3 Qc8 21.Nh5 Nh8 22.Nxg7 Kxg7 23.h5 Rg8
24.Ne2 Kf8 25.Kh2 Ke7 26.Ng3 b4 27.a3 a5 28.Ra1 Rf8 29.Rfd1 Qb7 30.Bf2 Rae8
31.Nf1 Kd8 32.Ne3 Nf7 33.axb4 axb4 34.c3 Kc7 35.cxb4 Nxg5 36.fxg5 f4 37.bxc5 dxc5
38.Bg2 Kb8 39.Qc3 Rg8 40.Bh4 Qc7 41.Nc4 f3+ 42.Bg3 Qxg3+ 43.Kxg3 Rxg5+ 44.Kf4 Nxd5+
45.Rxd5 Rxd5 46.Bf1 Rf5+ 47.Ke3 f2 48.Qa5 Rf3+ 49.Ke2  1-0